00368nam a22001217a 4500082002500000100004100025245002900066260004800095300002100143526003700164526003700201650000800238 a642bBRIcL-28, P-15 aCentral office of information London aBritain an official book aLondonbCentral office of informationc1956 aix, 477 p.bill. a0b0c0d642_000000000000000_BRI a0b0c0d642_000000000000000_BRI aMCE